රෙදි බෝනික්කෙකුගේ වීර වික්‍රම

Saved in:
Bibliographic Details
Main Author: යෝවුන්ජිත් , සන්
Format: Book
Language:Undetermined
Tags: Add Tag
No Tags, Be the first to tag this record!

MARC

LEADER 00000nam a2200000Ia 4500
008 180726s9999 xx 000 0 und d
082 |a ළමා ප්‍රබන්ධ  
100 |a යෝවුන්ජිත් , සන් 
245 0 |a රෙදි බෝනික්කෙකුගේ වීර වික්‍රම  
300 |a 252 
942 |c LBK 
999 |c 39643  |d 39643